000 00834nam a2200217 i 4500
001 45493
003 ES-MaACL
005 20250916063036.0
007 t|
008 030326s1861 sp ||||1| spa d
080 _a821.133.2-1.09
100 1 _aColl y Vehí, José,
_d1823-1876
_939647
245 1 3 _aLa sátira provenzal :
_bdiscurso leído al claustro de la Universidad Central al recibir (su autor) la investidura de doctor en la Facultad de Filosofía y Letras.
260 _aMadrid :
_b[s.n.],
_c1861 (
_fRivadeneyra)
300 _a200 p. ;
_c21 cm.
650 4 _aPoesía provenzal-
_xHistoria y crítica.
_9142887
710 2 _aUniversidad Central (Madrid)
_97084
852 4 _aES-MaACL
_jT-83-F-5
852 4 _aES-MaACL
_jT-207-F-3
_z- Enc. en un vol. facticio, falto de cub. original
999 _c45493
_d45493